Whitaker's books in print 1993: (Record no. 19495)
[ view plain ]
| 000 -LEADER | |
|---|---|
| fixed length control field | 00504nam a2200181Ia 4500 |
| 001 - CONTROL NUMBER | |
| control field | 19114 |
| 008 - FIXED-LENGTH DATA ELEMENTS--GENERAL INFORMATION | |
| fixed length control field | 140407s9999 xx 000 0 und d |
| 020 ## - INTERNATIONAL STANDARD BOOK NUMBER | |
| International Standard Book Number | 0-85021-230-8 |
| 040 ## - CATALOGING SOURCE | |
| Transcribing agency | PK-LaUMT |
| 082 ## - DEWEY DECIMAL CLASSIFICATION NUMBER | |
| Classification number | R 025.313 |
| Item number | WHI- |
| 110 ## - MAIN ENTRY--CORPORATE NAME | |
| Corporate name or jurisdiction name as entry element | J. Whitaker & Sons |
| 245 ## - TITLE STATEMENT | |
| Title | Whitaker's books in print 1993: |
| Remainder of title | The reference catalogue of current literature. |
| Statement of responsibility, etc | J. Whitaker & Sons |
| 260 ## - PUBLICATION, DISTRIBUTION, ETC. (IMPRINT) | |
| Place of publication, distribution, etc | Lonodn,UK: |
| Name of publisher, distributor, etc | J. Whitaker & Sons Ltd., |
| Date of publication, distribution, etc | 1993 |
| 300 ## - PHYSICAL DESCRIPTION | |
| Extent | 10494 p. |
| 501 ## - WITH NOTE | |
| With note | 4 |
| 546 ## - LANGUAGE NOTE | |
| Language note | EN |
| 942 ## - ADDED ENTRY ELEMENTS (KOHA) | |
| Koha item type | Books |
| Withdrawn status | Lost status | Source of classification or shelving scheme | Damaged status | Not for loan | Home library | Current library | Date acquired | Total Checkouts | Full call number | Barcode | Date last seen | Price effective from | Koha item type |
|---|---|---|---|---|---|---|---|---|---|---|---|---|---|
| Dewey Decimal Classification | UMT Main Campus | UMT Main Campus | 2014-04-07 | R 025.313 WHI- | 21961 | 2014-04-23 | 2014-04-23 | Reference | |||||
| Dewey Decimal Classification | UMT Main Campus | UMT Main Campus | 2014-06-18 | R 025.313 WHI- | 21962 | 2014-06-18 | 2014-06-18 | Reference | |||||
| Dewey Decimal Classification | UMT Main Campus | UMT Main Campus | 2014-06-18 | R 025.313 WHI- | 21963 | 2014-06-18 | 2014-06-18 | Reference | |||||
| Dewey Decimal Classification | UMT Main Campus | UMT Main Campus | 2014-06-18 | R 025.313 WHI- | 21964 | 2014-06-18 | 2014-06-18 | Reference |
